[Event "Innsbruck op-B 3rd"]
[Site "Innsbruck"]
[Date "2019.08.29"]
[Round "7"]
[White "Aufschnaiter, Alexander"]
[Black "Schulz, Stefan1111"]
[Result "0-1"]
[WhiteElo "1532"]
[BlackElo "1912"]
[PlyCount "48"]
[EventDate "2019.08.25"]
[EventType "swiss"]
[EventRounds "9"]
[EventCountry "AUT"]
[SourceTitle "EXT 2020"]
[Source "ChessBase"]
[SourceDate "2019.10.17"]
[SourceVersion "1"]
[SourceVersionDate "2019.10.17"]
[SourceQuality "1"]

1. e4 c5 2. Nc3 Nc6 3. Nf3 Nf6 4. Bb5 d6 5. 0-0 Qc7 6. h3 g6 7. d4 cxd4 8. Nxd4 e6 9. Be3 Bg7 10. f4 0-0 11. Qf3 a6 12. Bxc6 bxc6 13. Rad1 Bb7 14. g4 c5 15. g5 Nd7 16. Nde2 Nb6 17. Qf2 Rac8 18. e5 dxe5 19. Rd2 Qc6 20. Ng3 Nc4 21. Re2 exf4 22. Bxf4 Bd4 23. Be3 Nxe3 24. Rxe3 Bxe3 0-1